[Event "Russian Championship B17 1st league 2016"]
[Site "Loo"]
[Date "2016.04.26"]
[Round "7.26"]
[White "Getman, Dmitriy"]
[Black "Veligjanin, Andrey"]
[Result "1-0"]
[WhiteElo "1716"]
[BlackElo "1922"]
[PlyCount "93"]
[EventDate "2016.04.20"]

1. d4 d6 2. Nf3 f5 3. c4 Nf6 4. Nc3 g6 5. g3 Bg7 6. Bg2 O-O 7. O-O e6 8. b3 Ne4
9. Bb2 Qe7 10. Qc2 Nxc3 11. Bxc3 Nd7 12. e3 Nf6 13. Nd2 d5 14. c5 c6 15. f4 Ne4
16. Nxe4 fxe4 17. b4 Bd7 18. a4 g5 19. Qe2 a6 20. Qh5 Bf6 21. Bd2 Qg7 22. Qe2
Kh8 23. fxg5 Bxg5 24. Rxf8+ Rxf8 25. Rf1 Rg8 26. Qf2 Be8 27. h4 Be7 28. Kh2 Bd8
29. Be1 Bh5 30. a5 h6 31. Bh3 Re8 32. Qf4 Bf3 33. Qe5 Bf6 34. Qd6 e5 35. dxe5
Bxe5 36. Qd7 Qxd7 37. Bxd7 Rd8 38. Bh3 d4 39. exd4 Bxd4 40. Bg2 Be2 41. Rf4 e3
42. Rxd4 Re8 43. Re4 Rxe4 44. Bxe4 Bg4 45. Bc3+ Kg8 46. Kg2 Kf7 47. Bf3 1-0

[Event "Russian Championship B17 1st league 2016"]
[Site "Loo"]
[Date "2016.04.26"]
[Round "7.27"]
[White "Natarov, Ilya"]
[Black "Kuzmin, Ivan"]
[Result "0-1"]
[WhiteElo "1767"]
[BlackElo "1858"]
[PlyCount "102"]
[EventDate "2016.04.20"]

1. d4 Nf6 2. Nc3 d5 3. Nf3 Bf5 4. Bf4 c6 5. Qd2 e6 6. a3 Nbd7 7. e3 Be7 8. Bd3
Ne4 9. Bxe4 dxe4 10. Ne5 g5 11. Bg3 Nb6 12. f3 exf3 13. gxf3 f6 14. Nd3 Bg6 15.
O-O-O Nc4 16. Qe2 Qa5 17. Nc5 Nxa3 18. Nxe6 b5 19. Nc7+ Kf7 20. e4 Nc4 21. Nb1
Rac8 22. d5 Bc5 23. Rd3 Qa1 24. c3 Na3 25. bxa3 Bxa3+ 26. Kd2 Qb2+ 27. Ke3 Bc5+
28. Rd4 Qb3 29. Ne6 Bb6 30. Qd1 Qa2 31. Qd2 Qa1 32. Rc1 cxd5 33. exd5 b4 34.
Qe1 Qa2 35. Nc7 Rxc7 36. Nd2 Re7+ 37. Ne4 Rhe8 38. Kd3 Bxd4 39. Kxd4 Rxe4+ 40.
fxe4 Rxe4+ 41. Qxe4 Bxe4 42. Kxe4 Qe2+ 43. Kd4 Qd2+ 44. Kc4 Qxc1 45. Kxb4 Qb2+
46. Kc4 a6 47. d6 Ke6 48. Kd3 f5 49. c4 f4 50. Be1 Qb3+ 51. Bc3 Kxd6 0-1

[Event "Russian Championship B17 1st league 2016"]
[Site "Loo"]
[Date "2016.04.26"]
[Round "7.28"]
[White "Polozhentsev, Maksim"]
[Black "Prorochenko, Nikita"]
[Result "0-1"]
[WhiteElo "1829"]
[BlackElo "1682"]
[PlyCount "72"]
[EventDate "2016.04.20"]

1. d4 Nf6 2. c4 e6 3. Nc3 Bb4 4. e3 O-O 5. Nge2 d5 6. a3 Be7 7. cxd5 exd5 8.
Nf4 c6 9. Bd3 Nbd7 10. O-O Re8 11. Qc2 Bd6 12. b4 Qc7 13. Bd2 g5 14. Nh3 Bxh2+
15. Kh1 Ng4 16. f4 Ndf6 17. Rf3 gxf4 18. Nxf4 Bxf4 19. exf4 Bd7 20. Raf1 Kg7
21. Bf5 Re7 22. Rg3 h5 23. Bxd7 Qxd7 24. f5 Ne4 25. f6+ Nexf6 26. Bg5 Re6 27.
Bxf6+ Rxf6 28. Rxf6 Kxf6 29. Qh7 Ke7 30. Qxh5 Rg8 31. Qh4+ Ke8 32. Rf3 Qe6 33.
Kg1 Kd7 34. g3 Qe1+ 35. Kg2 Ne3+ 36. Kh2 Qd2+ 0-1

[Event "Russian Championship B17 1st league 2016"]
[Site "Loo"]
[Date "2016.04.26"]
[Round "7.29"]
[White "Tchentsov, Daniil"]
[Black "Murtazin, Rifat"]
[Result "0-1"]
[WhiteElo "1802"]
[BlackElo "1555"]
[PlyCount "88"]
[EventDate "2016.04.20"]

1. d4 d5 2. c4 c6 3. Nf3 Nf6 4. e3 e6 5. Nc3 Bd6 6. Qc2 O-O 7. b3 Nbd7 8. Bb2
Re8 9. O-O-O dxc4 10. Bxc4 Qc7 11. Kb1 e5 12. g4 exd4 13. exd4 Nb6 14. Be2 Nbd5
15. Ne5 Nxc3+ 16. Bxc3 Be6 17. Bd3 Bxg4 18. Nxg4 Nxg4 19. Bxh7+ Kf8 20. Bf5 Nf6
21. Rhg1 Bf4 22. f3 Nd5 23. Bd2 Bxd2 24. Qxd2 Qf4 25. Qxf4 Nxf4 26. Be4 Ne2 27.
Kc2 Nxg1 28. Rxg1 Rad8 29. Kc3 Re6 30. Rd1 Ke7 31. d5 cxd5 32. Bxd5 Red6 33.
Re1+ Kf6 34. Bxb7 Rd2 35. a4 Rxh2 36. Ra1 Rh4 37. Be4 g6 38. Re1 Rh5 39. b4 Re5
40. Rh1 Ke7 41. Rh7 Ke6 42. Bb1 Re3+ 43. Kc2 Rxf3 44. Ba2+ Ke7 0-1

[Event "Russian Championship B17 1st league 2016"]
[Site "Loo"]
[Date "2016.04.26"]
[Round "7.30"]
[White "Kostin, Ilya"]
[Black "Kuzmichev, Artem"]
[Result "0-1"]
[WhiteElo "1697"]
[BlackElo "1792"]
[PlyCount "58"]
[EventDate "2016.04.20"]

1. e4 e5 2. Nf3 Nc6 3. d4 exd4 4. Nxd4 Bc5 5. Nf5 Qf6 6. Nc3 Nge7 7. Ne3 d6 8.
Be2 O-O 9. O-O Nd4 10. Bd3 c6 11. Na4 Ne6 12. Nxc5 Nxc5 13. f4 Ng6 14. f5 Ne5
15. Ng4 Nxg4 16. Qxg4 Re8 17. Qf3 Nxe4 18. g4 Bd7 19. Kh1 c5 20. g5 Qd4 21. Be3
Ng3+ 22. hxg3 Rxe3 23. Qxb7 Rae8 24. g6 Rxg3 25. gxf7+ Kxf7 26. Qxd7+ Re7 27.
Qe6+ Rxe6 28. fxe6+ Kg8 29. Bxh7+ Kxh7 0-1

[Event "Russian Championship B17 1st league 2016"]
[Site "Loo"]
[Date "2016.04.26"]
[Round "7.31"]
[White "Shevelev, Alexandr"]
[Black "Gavrik, Aleksandr"]
[Result "1-0"]
[WhiteElo "1668"]
[BlackElo "1736"]
[PlyCount "95"]
[EventDate "2016.04.20"]

1. d4 d5 2. c4 c6 3. Nf3 Nf6 4. Nc3 e6 5. cxd5 exd5 6. Qc2 Bd6 7. Bg5 O-O 8. e3
Nbd7 9. Bd3 h6 10. Bh4 Re8 11. Bg3 Nb6 12. O-O Bxg3 13. hxg3 Be6 14. Ne5 Qd6
15. Rab1 Ng4 16. Nxg4 Bxg4 17. b4 Qf6 18. a4 h5 19. b5 Rac8 20. a5 Nd7 21. bxc6
Qxc6 22. Rfc1 b6 23. axb6 axb6 24. Qb3 Be6 25. Bb5 Qb7 26. Bxd7 Bxd7 27. Qxb6
Qxb6 28. Rxb6 Rc4 29. Ne2 Rxc1+ 30. Nxc1 g6 31. Rd6 Be6 32. Nd3 Rb8 33. Nf4 Kg7
34. Nxe6+ fxe6 35. Rxe6 Rd8 36. Re5 Kf6 37. f4 Kg7 38. Kf2 Rd6 39. Kf3 Kf6 40.
g4 hxg4+ 41. Kxg4 Rd8 42. g3 Rd7 43. f5 gxf5+ 44. Rxf5+ Kg6 45. Kf4 Rd8 46. g4
Rd7 47. g5 Rd6 48. Re5 1-0

[Event "Russian Championship B17 1st league 2016"]
[Site "Loo"]
[Date "2016.04.26"]
[Round "7.32"]
[White "Belov, Aleksey"]
[Black "Tsukhaev, Isa"]
[Result "1/2-1/2"]
[WhiteElo "1612"]
[BlackElo "1723"]
[PlyCount "116"]
[EventDate "2016.04.20"]

1. e4 c5 2. Nf3 d6 3. d4 cxd4 4. Nxd4 Nf6 5. Nc3 g6 6. Be3 Bg7 7. h3 O-O 8. g4
Nc6 9. Bg2 Bd7 10. O-O Ne5 11. Nde2 Nc4 12. Bc1 Rc8 13. b3 Na5 14. Bb2 b5 15.
Nd5 Nxd5 16. Bxg7 Kxg7 17. exd5 Qb6 18. Qd2 Rc7 19. c3 Rfc8 20. Rac1 Nb7 21.
Rfe1 Qa5 22. Nd4 Rxc3 23. Rxc3 Qxc3 24. Qxc3 Rxc3 25. Rxe7 Nc5 26. b4 Kf8 27.
Re3 Rc1+ 28. Kh2 Na4 29. Nc6 Bxc6 30. dxc6 Nb6 31. Kg3 d5 32. Ra3 Rxc6 33. Rxa7
Rd6 34. Ra3 Ke7 35. Rd3 Ke6 36. Kf4 h6 37. h4 f6 38. Ke3 Nd7 39. f4 g5 40. hxg5
hxg5 41. fxg5 fxg5 42. Kd4 Nf6 43. Bf3 Rc6 44. Re3+ Kd6 45. Be2 Nxg4 46. Rg3
Nf6 47. Rxg5 Rc2 48. Bxb5 Rxa2 49. Rf5 Ke6 50. Rg5 Rd2+ 51. Bd3 Rb2 52. b5 Nd7
53. Rxd5 Rb4+ 54. Bc4 Rxc4+ 55. Kxc4 Nb6+ 56. Kc5 Nxd5 57. Kc6 Ke5 58. b6 Nxb6
1/2-1/2

[Event "Russian Championship B17 1st league 2016"]
[Site "Loo"]
[Date "2016.04.26"]
[Round "7.33"]
[White "Sambyla, Subuday"]
[Black "Spiridonov, Vladislav"]
[Result "1-0"]
[WhiteElo "1722"]
[BlackElo "1591"]
[PlyCount "67"]
[EventDate "2016.04.20"]

1. Nf3 e6 2. d4 Nf6 3. c4 b6 4. Nc3 Ba6 5. e4 d5 6. Bg5 dxe4 7. Nxe4 Bb4+ 8.
Ned2 O-O 9. Bd3 c5 10. Be4 Nbd7 11. Bxa8 Qxa8 12. O-O cxd4 13. Bxf6 Nxf6 14.
Qa4 Bxd2 15. Qxa6 Bf4 16. Nxd4 Ng4 17. h3 Ne3 18. fxe3 Bxe3+ 19. Kh1 Bxd4 20.
Rad1 e5 21. b4 f5 22. c5 bxc5 23. bxc5 Rf6 24. Qd3 Rg6 25. Rd2 f4 26. Rc2 Kh8
27. Qc4 Rc6 28. Rfc1 Qc8 29. Qb4 f3 30. Qb3 e4 31. Rd1 Bxc5 32. Rcd2 Bb6 33.
Qxb6 fxg2+ 34. Kg1 1-0

[Event "Russian Championship B17 1st league 2016"]
[Site "Loo"]
[Date "2016.04.26"]
[Round "7.34"]
[White "Shelushpanov, Nikolai"]
[Black "Kavyev, Emil"]
[Result "0-1"]
[WhiteElo "1536"]
[BlackElo "1699"]
[PlyCount "110"]
[EventDate "2016.04.20"]

1. e4 c5 2. Nf3 d6 3. c3 Nf6 4. Be2 Nc6 5. Qc2 g6 6. O-O Bg7 7. d4 cxd4 8. cxd4
O-O 9. d5 Nb8 10. Nc3 Bg4 11. Be3 Nbd7 12. Rac1 b6 13. h3 Bxf3 14. Bxf3 Rc8 15.
Qd2 Ne5 16. Be2 Nc4 17. Bxc4 Rxc4 18. Qd3 Rc8 19. Nb5 Qd7 20. Nd4 Nh5 21. b3
Bxd4 22. Bxd4 Rxc1 23. Rxc1 f5 24. f3 fxe4 25. fxe4 Nf4 26. Qe3 Qb5 27. Rc4 Qe8
28. Rc2 g5 29. Kh2 Qg6 30. Rf2 h6 31. Bb2 Nh5 32. Rxf8+ Kxf8 33. e5 Qf7 34.
exd6 exd6 35. Ba3 Qe7 36. Qf3+ Nf6 37. Bb2 Kf7 38. Kg3 Kg6 39. Bxf6 Qxf6 40.
Qxf6+ Kxf6 41. Kg4 Kg6 42. h4 h5+ 43. Kg3 Kf5 44. hxg5 Kxg5 45. Kf3 h4 46. g3
hxg3 47. Kxg3 Kf5 48. Kf3 Ke5 49. Ke3 Kxd5 50. Kd3 Ke5 51. Ke3 d5 52. Kd3 d4
53. Kd2 Ke4 54. Kd1 Kd3 55. Kc1 Ke2 0-1

[Event "Russian Championship B17 1st league 2016"]
[Site "Loo"]
[Date "2016.04.26"]
[Round "7.35"]
[White "Malyshev, Kirill"]
[Black "Loskutov, Efrem"]
[Result "0-1"]
[WhiteElo "1628"]
[BlackElo "1673"]
[PlyCount "138"]
[EventDate "2016.04.20"]

1. Nf3 d5 2. g3 Nf6 3. Bg2 c5 4. O-O Nc6 5. d4 Bg4 6. Be3 Bxf3 7. Bxf3 cxd4 8.
Bxd4 Nxd4 9. Qxd4 e6 10. c4 dxc4 11. Qxd8+ Kxd8 12. Bxb7 Rb8 13. Ba6 Rxb2 14.
Nc3 Bb4 15. Rfc1 Bxc3 16. Rxc3 Ke7 17. Rxc4 Rd8 18. a4 Rd7 19. Rac1 Rbd2 20.
Bb5 Rd1+ 21. Rxd1 Rxd1+ 22. Kg2 Kd8 23. Ba6 Rd6 24. Bb5 Nd5 25. Rc6 Rxc6 26.
Bxc6 Kc7 27. Be8 f6 28. h4 Nc3 29. e3 Kb6 30. Bd7 e5 31. f4 Ka5 32. g4 exf4 33.
exf4 Nxa4 34. g5 Nc5 35. Bf5 fxg5 36. fxg5 g6 37. Bb1 Ne6 38. Kg3 Kb5 39. Ba2
Nf8 40. Kg4 Kc5 41. h5 Kd6 42. hxg6 hxg6 43. Bf7 Ke5 44. Bg8 a6 45. Bf7 a5 46.
Bb3 Ne6 47. Bc2 Nf8 48. Bb3 Ke4 49. Bc2+ Ke3 50. Bb3 Nd7 51. Ba4 Ne5+ 52. Kg3
Ke4 53. Bc2+ Nd3 54. Kg4 Kd4 55. Kg3 Ke4 56. Kg4 Ke3 57. Kg3 Nf4 58. Ba4 Ne6
59. Be8 Nxg5 60. Bxg6 a4 61. Bb1 Ne4+ 62. Kh4 a3 63. Ba2 Kd3 64. Kh3 Kc3 65.
Kg2 Kb2 66. Bf7 Nc5 67. Kf2 Nb3 68. Ke3 a2 69. Kf3 a1=Q 0-1

[Event "Russian Championship B17 1st league 2016"]
[Site "Loo"]
[Date "2016.04.26"]
[Round "7.36"]
[White "Slastikhin, Vladislav"]
[Black "Miziuk, Anton"]
[Result "1-0"]
[WhiteElo "1658"]
[BlackElo "1528"]
[PlyCount "67"]
[EventDate "2016.04.20"]

1. d4 Nf6 2. c4 g6 3. Nc3 Bg7 4. e4 d6 5. Bd3 O-O 6. Nge2 Nc6 7. O-O e5 8. d5
Ne7 9. h3 h5 10. Be3 c5 11. a3 Nh7 12. b4 b6 13. bxc5 bxc5 14. Rb1 f5 15. exf5
gxf5 16. f4 e4 17. Bc2 h4 18. Bxc5 dxc5 19. d6 Kh8 20. dxe7 Qxe7 21. Nd5 Qd8
22. Ba4 Ba6 23. Bb5 Bxb5 24. Rxb5 Qd6 25. Qe1 Nf6 26. Qxh4+ Kg8 27. Rd1 Nxd5
28. Rxd5 Qa6 29. Rd7 Rf7 30. Rxf7 Kxf7 31. Qh5+ Ke7 32. Qxf5 Qxa3 33. Rb7+ Ke8
34. Qf7+ 1-0

[Event "Russian Championship B17 1st league 2016"]
[Site "Loo"]
[Date "2016.04.26"]
[Round "7.37"]
[White "Vasiliev, Semen B"]
[Black "Kulikov, Egor"]
[Result "1-0"]
[WhiteElo "1434"]
[BlackElo "1489"]
[PlyCount "69"]
[EventDate "2016.04.20"]

1. Nf3 Nc6 2. d4 d5 3. Bf4 Nf6 4. e3 Bf5 5. c4 e6 6. Nc3 Bb4 7. Qb3 a5 8. a3 a4
9. Qd1 Bxc3+ 10. bxc3 Ne4 11. cxd5 Nxc3 12. Qc1 Nxd5 13. Bb5 Nxf4 14. Bxc6+
bxc6 15. Qxc6+ Ke7 16. exf4 Qd6 17. Rc1 Rhc8 18. Qxd6+ cxd6 19. Kd2 Kd7 20.
Rxc8 Rxc8 21. Rc1 Rxc1 22. Kxc1 Kc6 23. Kb2 h6 24. Kc3 Kd5 25. g3 Bg4 26. Nd2
Bd1 27. Nc4 f6 28. Ne3+ Kc6 29. Nxd1 Kb5 30. Nb2 d5 31. Nd3 g6 32. Nc5 e5 33.
fxe5 fxe5 34. Nxa4 exd4+ 35. Kxd4 1-0

[Event "Russian Championship B17 1st league 2016"]
[Site "Loo"]
[Date "2016.04.26"]
[Round "7.39"]
[White "Tsurtsumiya, Ruslan"]
[Black "Pavlovskiy, Vladislav"]
[Result "1-0"]
[WhiteElo "1549"]
[BlackElo "1240"]
[PlyCount "57"]
[EventDate "2016.04.20"]

1. d4 d5 2. Bf4 Nf6 3. e3 Bf5 4. Nf3 c6 5. Bd3 Bxd3 6. Qxd3 Qb6 7. b3 e6 8.
Nbd2 Bb4 9. c3 Be7 10. h3 Nbd7 11. O-O c5 12. Rac1 Bd6 13. Rfe1 Qc7 14. Bxd6
Qxd6 15. e4 dxe4 16. Nxe4 Qb6 17. dxc5 Nxc5 18. Nxf6+ gxf6 19. Qd4 Nd7 20. Qf4
Ke7 21. Nd4 Rhg8 22. Rcd1 Rad8 23. Nf5+ Kf8 24. Qh6+ Ke8 25. Qxh7 Rf8 26. Ng7+
Ke7 27. Rxe6+ fxe6 28. Nf5+ Ke8 29. Qe7# 1-0

[Event "Russian Championship B17 2016"]
[Site "Loo"]
[Date "2016.04.26"]
[Round "7.1"]
[White "Triapishko, Olexandr"]
[Black "Galaktionov, Artem"]
[Result "1-0"]
[WhiteElo "2474"]
[BlackElo "2208"]
[PlyCount "57"]
[EventDate "2016.04.20"]

1. Nf3 Nf6 2. g3 d5 3. Bg2 c5 4. O-O Nc6 5. d4 Bg4 6. Ne5 Bf5 7. Nxc6 bxc6 8.
dxc5 a5 9. c4 e6 10. cxd5 exd5 11. Be3 Nd7 12. Qa4 Qf6 13. Nc3 Be7 14. Bd4 Qg6
15. Rfe1 Bc2 16. Qa3 f5 17. Rac1 f4 18. e4 fxe3 19. Rxe3 Kd8 20. Rce1 Bg5 21.
Re6 Qd3 22. Be3 Be7 23. Rxc6 d4 24. Bf1 Qf5 25. Bxd4 Qg4 26. Rce6 Qxd4 27. Rxe7
Rf8 28. R7e2 Ne5 29. Nb5 1-0

[Event "Russian Championship B17 2016"]
[Site "Loo"]
[Date "2016.04.26"]
[Round "7.2"]
[White "Elistratov, Semen"]
[Black "Sorokin, Aleksey"]
[Result "0-1"]
[WhiteElo "2329"]
[BlackElo "2385"]
[PlyCount "50"]
[EventDate "2016.04.20"]

1. c4 Nf6 2. g3 d5 3. cxd5 Nxd5 4. Bg2 Nb6 5. b3 e5 6. Bb2 Bd6 7. d3 Nc6 8. Nf3
O-O 9. O-O Qe7 10. a4 Be6 11. a5 Nd7 12. a6 bxa6 13. Nfd2 Nb4 14. Bxa8 Rxa8 15.
Ne4 Rb8 16. Nbd2 Nc5 17. Nc4 Bxc4 18. bxc4 Nbxd3 19. exd3 Rxb2 20. Qf3 Nxe4 21.
Qxe4 g6 22. Rab1 Rxb1 23. Rxb1 Bc5 24. Rb8+ Kg7 25. Qc6 Bb6 {
запись неразбор~~ива} 0-1

[Event "Russian Championship B17 2016"]
[Site "Loo"]
[Date "2016.04.26"]
[Round "7.3"]
[White "Sarana, Alexey"]
[Black "Grigorjev, Iljya"]
[Result "1-0"]
[WhiteElo "2422"]
[BlackElo "2297"]
[PlyCount "93"]
[EventDate "2016.04.20"]

1. d4 Nf6 2. Nf3 g6 3. c4 Bg7 4. g3 d5 5. cxd5 Nxd5 6. Nc3 Nb6 7. Bg2 Nc6 8. e3
e5 9. d5 Ne7 10. e4 Bg4 11. O-O O-O 12. Qb3 c6 13. Be3 cxd5 14. exd5 e4 15. Ng5
Nbxd5 16. Nxd5 Qxd5 17. Nxe4 Qxb3 18. axb3 Nd5 19. Bc5 Rfc8 20. b4 Bf8 21. Bxf8
Kxf8 22. Nd6 Rc6 23. Nxb7 Nxb4 24. Na5 Rcc8 25. Bxa8 Rxa8 26. Nc4 Be6 27. Ne3
a5 28. Rfd1 Ke7 29. Rd2 Bb3 30. Rc1 Ra7 31. Rc5 a4 32. Rb5 Nc6 33. Nd5+ Kf8 34.
Nc3 Be6 35. Rd6 Ne7 36. Rd1 Bb3 37. Rd4 Nc6 38. Rh4 Kg7 39. Rc5 Nd8 40. Rb4 Ne6
41. Re5 Bc2 42. Re2 Bb3 43. Rd2 Nc5 44. h4 a3 45. bxa3 Rxa3 46. Rb5 Ne6 47. Nb1
1-0

[Event "Russian Championship B17 2016"]
[Site "Loo"]
[Date "2016.04.26"]
[Round "7.4"]
[White "Fakhrutdinov, Timur"]
[Black "Abelguzin, Dinar"]
[Result "0-1"]
[WhiteElo "2290"]
[BlackElo "2397"]
[PlyCount "84"]
[EventDate "2016.04.20"]

1. e4 e5 2. Nf3 Nc6 3. Bb5 Nf6 4. O-O Nxe4 5. d4 Nd6 6. Bxc6 dxc6 7. dxe5 Nf5
8. Qxd8+ Kxd8 9. h3 h6 10. Nc3 Ke8 11. Ne2 Ne7 12. Re1 Bf5 13. Ned4 Bh7 14. e6
Nd5 15. exf7+ Kxf7 16. c4 Nb4 17. Ne5+ Kf6 18. Bd2 Bd6 19. Nd7+ Kf7 20. c5 Nd3
21. cxd6 cxd6 22. Re3 Rad8 23. Rf3+ Ke7 24. Nf6 gxf6 25. Bxh6 Rhg8 26. Nf5+ Kf7
27. Bd2 Bxf5 28. Rxf5 d5 29. Rf3 Ne5 30. Rb3 Rd7 31. Rc1 Nc4 32. Bf4 Re8 33.
Kf1 Re4 34. Be3 b5 35. a4 bxa4 36. Rb8 Nxe3+ 37. fxe3 Rxe3 38. Rxc6 d4 39. Kf2
d3 40. Rc1 Re2+ 41. Kf3 d2 42. Rcc8 Ree7 0-1

[Event "Russian Championship B17 2016"]
[Site "Loo"]
[Date "2016.04.26"]
[Round "7.5"]
[White "Bykov, Oleg"]
[Black "Galchenko, Matvey"]
[Result "1-0"]
[WhiteElo "2389"]
[BlackElo "2245"]
[PlyCount "55"]
[EventDate "2016.04.20"]

1. d4 Nf6 2. c4 c5 3. d5 e6 4. Nc3 exd5 5. cxd5 d6 6. e4 g6 7. f4 Bg7 8. Bb5+
Nfd7 9. Nf3 O-O 10. O-O a6 11. Bd3 b5 12. Qe1 Re8 13. Qg3 b4 14. Nd1 Nf6 15. f5
Ra7 16. Bg5 Qb6 17. Nd2 Nh5 18. Qf3 Bd4+ 19. Kh1 f6 20. fxg6 hxg6 21. e5 fxg5
22. Bxg6 Nf4 23. Bxe8 Qd8 24. Ba4 Bxe5 25. Nc4 Bg7 26. Nde3 Re7 27. Bc2 a5 28.
g3 1-0

[Event "Russian Championship B17 2016"]
[Site "Loo"]
[Date "2016.04.26"]
[Round "7.6"]
[White "Malyshev, Grigory"]
[Black "Borisovsky, Dmitry"]
[Result "0-1"]
[WhiteElo "2315"]
[BlackElo "2281"]
[PlyCount "66"]
[EventDate "2016.04.20"]

1. d4 Nf6 2. c4 e6 3. g3 c5 4. d5 exd5 5. cxd5 d6 6. Bg2 g6 7. Nc3 Bg7 8. Nf3
O-O 9. O-O a6 10. a4 Re8 11. Re1 Nbd7 12. Nd2 Rb8 13. Nc4 Ne5 14. Nxe5 Rxe5 15.
e4 Re8 16. h3 b5 17. axb5 axb5 18. Bf4 Nh5 19. Be3 Qc7 20. Qc2 Bd7 21. g4 Nf6
22. Bf4 b4 23. Ne2 Qb6 24. Ng3 Bb5 25. e5 dxe5 26. Bxe5 Rbd8 27. Rad1 Nxd5 28.
Bxd5 Rxe5 29. Qb3 Rdxd5 30. Rxe5 Rxd1+ 31. Qxd1 Bxe5 32. Ne4 Bd4 33. Ng5 Qf6
0-1

[Event "Russian Championship B17 2016"]
[Site "Loo"]
[Date "2016.04.26"]
[Round "7.7"]
[White "Zhitnikov, Konstantin"]
[Black "Gaifullin, Artur"]
[Result "1/2-1/2"]
[WhiteElo "2288"]
[BlackElo "2306"]
[PlyCount "80"]
[EventDate "2016.04.20"]

1. e4 e5 2. Nf3 Nc6 3. Bb5 Nf6 4. Nc3 Bb4 5. O-O O-O 6. d3 d6 7. Ne2 Ne7 8. Ng3
Ng6 9. c3 Ba5 10. Re1 h6 11. h3 c6 12. Ba4 Be6 13. d4 Qc7 14. Be3 Rad8 15. Qc2
Qc8 16. Bb3 Bb6 17. Rad1 Rfe8 18. dxe5 dxe5 19. Bxe6 Qxe6 20. Bxb6 axb6 21. b3
Nf4 22. Rxd8 Rxd8 23. Rd1 Rd7 24. Rd2 g6 25. Rxd7 Nxd7 26. Ne2 Nxe2+ 27. Qxe2
Kg7 28. Ne1 b5 29. Nd3 Qd6 30. Kf1 Nf8 31. Qe3 Ne6 32. Ke2 c5 33. g3 Qa6 34.
Nxc5 Qxa2+ 35. Kf3 Nxc5 36. Qxc5 Qxb3 37. Qxe5+ Kh7 38. Qd4 Qe6 39. h4 Qc6 40.
Ke3 h5 1/2-1/2

[Event "Russian Championship B17 2016"]
[Site "Loo"]
[Date "2016.04.26"]
[Round "7.8"]
[White "Abramov, Nikita"]
[Black "Lobanov, Sergei"]
[Result "0-1"]
[WhiteElo "2255"]
[BlackElo "2457"]
[PlyCount "124"]
[EventDate "2016.04.20"]

1. e4 c5 2. Nf3 Nc6 3. d4 cxd4 4. Nxd4 Nf6 5. Nc3 d6 6. Bg5 e6 7. Qd2 a6 8.
O-O-O Bd7 9. f4 Be7 10. Nf3 b5 11. Bxf6 gxf6 12. f5 Qb6 13. fxe6 fxe6 14. g3
O-O-O 15. Bh3 Kb8 16. Ne2 Bc8 17. Nf4 Ne5 18. Nd4 f5 19. exf5 Nc4 20. Qe2 Bf6
21. c3 Bxd4 22. cxd4 exf5 23. Rhe1 Rhe8 24. Qf2 Qa5 25. Kb1 Qb4 26. Nd3 Na3+
27. Ka1 Qxd4 28. Qxd4 Nc2+ 29. Kb1 Nxd4 30. Rxe8 Rxe8 31. Nb4 Nf3 32. Bg2 Nxh2
33. Rh1 Ng4 34. Rxh7 Re1+ 35. Kc2 Ne5 36. Nc6+ Nxc6 37. Bxc6 Rg1 38. Kb3 Rc1
39. Bd5 Rc5 40. Bf3 a5 41. Re7 Re5 42. Rxe5 dxe5 43. Bc6 Be6+ 44. Ka3 b4+ 45.
Ka4 Kc7 46. Bg2 Kb6 47. a3 Bd7+ 48. Kb3 Kc5 49. Kc2 Kd4 50. axb4 axb4 51. Kd2
Be6 52. Bh3 e4 53. Ke2 Kc4 54. Kd2 Kb3 55. Kc1 e3 56. Bf1 Bc4 57. Bh3 Bd3 58.
Bg2 e2 59. Kd2 Kxb2 60. Bf3 b3 61. g4 fxg4 62. Bxg4 Ka1 0-1

[Event "Russian Championship B17 2016"]
[Site "Loo"]
[Date "2016.04.26"]
[Round "7.9"]
[White "Askerov, Marat"]
[Black "Dobrocmyslov, Artem"]
[Result "1-0"]
[WhiteElo "2375"]
[BlackElo "2215"]
[PlyCount "111"]
[EventDate "2016.04.20"]

1. d4 Nf6 2. c4 g6 3. Nf3 Bg7 4. g3 O-O 5. Bg2 d6 6. O-O c6 7. Nc3 Qa5 8. e4 e5
9. d5 cxd5 10. cxd5 b5 11. Re1 Nbd7 12. a3 a6 13. Bd2 Qb6 14. Be3 Qb7 15. h3
Nb6 16. b3 Bd7 17. Qd3 Rfc8 18. Rec1 Rc7 19. Rc2 Rac8 20. Rac1 Be8 21. Na2 Nbd7
22. Rxc7 Rxc7 23. Rxc7 Qxc7 24. Nd2 Nb6 25. Kh2 h5 26. Nb4 a5 27. Nc6 Bxc6 28.
Qc3 Nc8 29. Qxc6 Qd7 30. Bf1 b4 31. a4 Qxc6 32. dxc6 Ne8 33. Nc4 Nc7 34. Nxa5
d5 35. exd5 Nxd5 36. Ba6 Nce7 37. Bc5 Kf8 38. Bc4 Ke8 39. Nb7 e4 40. a5 Nc7 41.
Nd6+ Kd8 42. Nxf7+ Ke8 43. Nd6+ Kd8 44. Nb7+ Ke8 45. Bd6 Na8 46. c7 Nc8 47.
Bb5+ Kf7 48. Bf4 g5 49. Bxg5 Nxc7 50. Bd7 Ne7 51. Nd6+ Kf8 52. Nxe4 Ned5 53.
Bc6 Nc3 54. Bf4 N7b5 55. Bxb5 Nxb5 56. Bd6+ 1-0

[Event "Russian Championship B17 2016"]
[Site "Loo"]
[Date "2016.04.26"]
[Round "7.10"]
[White "Bilan, Danila"]
[Black "Afanasiev, Nikita"]
[Result "0-1"]
[WhiteElo "2244"]
[BlackElo "2349"]
[PlyCount "68"]
[EventDate "2016.04.20"]

1. d4 d6 2. Nf3 Bg4 3. e3 Nd7 4. c4 Ngf6 5. Be2 e5 6. Nc3 c6 7. O-O Be7 8. b3
O-O 9. Qc2 Re8 10. Rd1 Qc7 11. Bb2 Bf8 12. b4 e4 13. Nd2 Bf5 14. b5 h5 15. Rab1
h4 16. bxc6 bxc6 17. Qa4 a5 18. Ba3 h3 19. g3 Nb6 20. Qc2 c5 21. dxc5 dxc5 22.
Rb2 Re6 23. Rb5 a4 24. Nd5 Nbxd5 25. cxd5 Nxd5 26. Bc4 Rd8 27. Nb1 Red6 28.
Rxc5 Nxe3 29. Rxd6 Qxd6 30. fxe3 Qd1+ 31. Bf1 Bxc5 32. Qxc5 Qf3 33. Nc3 Rd2 34.
Ne2 Rd1 0-1

[Event "Russian Championship B17 2016"]
[Site "Loo"]
[Date "2016.04.26"]
[Round "7.11"]
[White "Smirnov, Timofey"]
[Black "Kuznetsov, Felix"]
[Result "1-0"]
[WhiteElo "2303"]
[BlackElo "2053"]
[PlyCount "193"]
[EventDate "2016.04.20"]

1. e4 c5 2. Nf3 Nc6 3. d4 cxd4 4. Nxd4 Nf6 5. Nc3 d6 6. Bg5 e6 7. Qd2 a6 8.
O-O-O Bd7 9. f4 b5 10. Nxc6 Bxc6 11. Bd3 Be7 12. e5 dxe5 13. fxe5 Nd7 14. Bxe7
Qxe7 15. Qf4 Nc5 16. h4 O-O-O 17. Rhf1 Rd7 18. Be4 Nxe4 19. Nxe4 Rhd8 20. Nd6+
Kb8 21. Qd4 f6 22. Qb6+ Bb7 23. Rd3 Rf8 24. Rfd1 Qd8 25. Qxd8+ Rdxd8 26. Nxb7
Rxd3 27. Rxd3 Kxb7 28. Rd7+ Kc6 29. Rd6+ Kc5 30. Rxe6 Kd5 31. Rd6+ Kxe5 32.
Rxa6 Kf4 33. a4 bxa4 34. Rxa4+ Kg3 35. Ra7 Rg8 36. b4 Kxg2 37. b5 h5 38. b6 g5
39. hxg5 fxg5 40. b7 Rb8 41. c4 h4 42. c5 h3 43. c6 h2 44. Ra2+ Kg3 45. Rxh2
Kxh2 46. c7 Rxb7 47. c8=Q Rf7 48. Qg4 Rf1+ 49. Kd2 Rf2+ 50. Kd1 Rg2 51. Qh5+
Kg1 52. Qh6 Rg3 53. Ke2 Kg2 54. Qc6+ Kg1 55. Qc5+ Kg2 56. Qd5+ Kg1 57. Qd4+ Kg2
58. Qe4+ Kg1 59. Qe5 Kg2 60. Qf5 Kh2 61. Qh7+ Kg1 62. Qb7 g4 63. Qb6+ Kh2 64.
Qd6 Kg2 65. Qf4 Kh3 66. Qh6+ Kg2 67. Qh4 Rh3 68. Qxg4+ Rg3 69. Qe4+ Kg1 70. Qd5
Rg6 71. Qe4 Rg3 72. Qd4+ Kh2 73. Qh4+ Kg2 74. Qe4+ Kg1 75. Qb1+ Kh2 76. Kf2
Rg2+ 77. Kf3 Rg3+ 78. Kf4 Rg2 79. Qe1 Ra2 80. Qd1 Rg2 81. Qh5+ Kg1 82. Qh4 Rg8
83. Qe1+ Kh2 84. Qe6 Rg2 85. Qd6 Kg1 86. Qd4+ Kh2 87. Qc5 Rb2 88. Qd4 Rg2 89.
Qe5 Rf2+ 90. Kg4+ Kg2 91. Qd5+ Kh2 92. Qe4 Ra2 93. Qe5+ Kg1 94. Qe1+ Kh2 95.
Qe5+ Kg1 96. Qc5+ Kf1 97. Qc4+ 1-0

[Event "Russian Championship B17 2016"]
[Site "Loo"]
[Date "2016.04.26"]
[Round "7.12"]
[White "Klukin, Kirill"]
[Black "Mesnyankin, Nikita"]
[Result "1-0"]
[WhiteElo "2259"]
[BlackElo "2205"]
[PlyCount "61"]
[EventDate "2016.04.20"]

1. d4 d5 2. Nf3 Nf6 3. c4 c6 4. e3 e6 5. Bd3 Nbd7 6. b3 Bd6 7. Bb2 Qe7 8. Ne5
Ne4 9. O-O Qg5 10. f4 Qh6 11. cxd5 exd5 12. Bxe4 dxe4 13. Nd2 f5 14. Qc2 Nb6
15. Ndc4 Nxc4 16. bxc4 O-O 17. Qb3 Be6 18. Ba3 Bxe5 19. Bxf8 Bf6 20. Bd6 b5 21.
Rfc1 Bxc4 22. Rxc4 bxc4 23. Qxc4+ Kh8 24. Qxc6 Rd8 25. Be5 Bxe5 26. Qxh6 gxh6
27. fxe5 f4 28. Kf2 Kg7 29. Rc1 Rb8 30. exf4 Rb2+ 31. Ke3 1-0